Gabinet de relacions internacionals : ressenya d'activitats : 2003 ressenya d'activitats :
Publicado:
Barcelona :
Diputació de Barcelona. Àrea de Presidència. Gabinet de Relacions Internacionals, [2004]
Descripción Física:
60 p. : il.; 24 cm
MARC
| LEADER | 00000nam a2200000Ia 4500 | ||
|---|---|---|---|
| 001 | 24178 | ||
| 003 | BGR | ||
| 005 | 20260324180613.0 | ||
| 008 | 160829s9999 xx 000 0 cat d | ||
| 080 | |a Bib-176 | ||
| 245 | |a Gabinet de relacions internacionals : |b ressenya d'activitats : |b 2003 | ||
| 260 | |a Barcelona : |b Diputació de Barcelona. Àrea de Presidència. Gabinet de Relacions Internacionals, [2004] | ||
| 300 | |a 60 p. : |b il.; |c 24 cm | ||
| 650 | 0 | |a Cooperació internacional |9 20418 | |
| 650 | 0 | |a Administració local |9 34286 | |
| 710 | 1 | |a Barcelona (Catalunya : Província). |b Gabinet de Relacions Internacionals |9 13543 | |
| 901 | |a Arxiu | ||
| 942 | |n 1 |2 udc |c MON | ||
| 952 | |0 0 |1 0 |4 0 |6 BIB176 |7 1 |9 55622 |a Arxiu |b Arxiu |d 2016-12-01 |l 0 |o Bib-176 |p 24178 |r 2016-12-01 00:00:00 |w 2016-12-01 |y ARXIU | ||
| 999 | |c 59495 |d 59495 | ||